<?xml version="1.0" encoding="UTF-8"?><?xml-stylesheet type="text/xsl" href="static/style.xsl"?><OAI-PMH xmlns="http://www.openarchives.org/OAI/2.0/" xmlns:xsi="http://www.w3.org/2001/XMLSchema-instance" xsi:schemaLocation="http://www.openarchives.org/OAI/2.0/ http://www.openarchives.org/OAI/2.0/OAI-PMH.xsd"><responseDate>2026-04-17T05:54:49Z</responseDate><request verb="GetRecord" identifier="oai:www.recercat.cat:2445/67588" metadataPrefix="marc">https://recercat.cat/oai/request</request><GetRecord><record><header><identifier>oai:recercat.cat:2445/67588</identifier><datestamp>2025-12-05T05:37:19Z</datestamp><setSpec>com_2072_1057</setSpec><setSpec>col_2072_478857</setSpec><setSpec>col_2072_478917</setSpec></header><metadata><record xmlns="http://www.loc.gov/MARC21/slim" xmlns:dcterms="http://purl.org/dc/terms/" xmlns:xsi="http://www.w3.org/2001/XMLSchema-instance" xmlns:doc="http://www.lyncode.com/xoai" xsi:schemaLocation="http://www.loc.gov/MARC21/slim http://www.loc.gov/standards/marcxml/schema/MARC21slim.xsd">
   <leader>00925njm 22002777a 4500</leader>
   <datafield ind2=" " ind1=" " tag="042">
      <subfield code="a">dc</subfield>
   </datafield>
   <datafield ind2=" " ind1=" " tag="720">
      <subfield code="a">Ollich i Castanyer, Imma, 1951-</subfield>
      <subfield code="e">author</subfield>
   </datafield>
   <datafield ind2=" " ind1=" " tag="260">
      <subfield code="c">2015-11-02T08:47:49Z</subfield>
   </datafield>
   <datafield ind2=" " ind1=" " tag="260">
      <subfield code="c">2015-11-02T08:47:49Z</subfield>
   </datafield>
   <datafield ind2=" " ind1=" " tag="260">
      <subfield code="c">1993</subfield>
   </datafield>
   <datafield ind2=" " ind1=" " tag="260">
      <subfield code="c">2015-10-30T17:14:58Z</subfield>
   </datafield>
   <datafield ind2=" " ind1=" " tag="520">
      <subfield code="a">El tema que presentem avui pretén enfocar una 'arqueologia de la mort' entesa com una perspectiva de (i per) la història medieval. Més que enfocar tipologies d'enterraments, sepultures i esquelets, i la seva evolució en les diferents cultures que es desenvolupen al llarg de l'Edat Mitjana (tasca que han fet els meus companys en els conferències dels dies precedents), m'agradaria intentar una teorització sobre què suposa fer arqueologia centrada en un aspecte concret de les restes materials: la mort i tot el ritual que l'envolta. Fer arqueologia en tot el seu procés conceptual: des dels plantejaments i hipòtesis prèvies, passant per la pràctica concreta del treball de camp, fins arribar a una interpretació dels resultats, sempre hipotètics i que cal contrastar amb els documents. A partir d'aquí podem plantejar-nos quina aportació suposa fer arqueologia de la mort per a la historia medieval.</subfield>
   </datafield>
   <datafield tag="653" ind2=" " ind1=" ">
      <subfield code="a">Arqueologia funerària</subfield>
   </datafield>
   <datafield tag="653" ind2=" " ind1=" ">
      <subfield code="a">Història medieval</subfield>
   </datafield>
   <datafield tag="653" ind2=" " ind1=" ">
      <subfield code="a">Ritus i cerimònies fúnebres</subfield>
   </datafield>
   <datafield tag="653" ind2=" " ind1=" ">
      <subfield code="a">Necròpolis</subfield>
   </datafield>
   <datafield tag="653" ind2=" " ind1=" ">
      <subfield code="a">Funeral archaeology</subfield>
   </datafield>
   <datafield tag="653" ind2=" " ind1=" ">
      <subfield code="a">Medieval history</subfield>
   </datafield>
   <datafield tag="653" ind2=" " ind1=" ">
      <subfield code="a">Funeral rites and ceremonies</subfield>
   </datafield>
   <datafield tag="653" ind2=" " ind1=" ">
      <subfield code="a">Necropoles</subfield>
   </datafield>
   <datafield ind2="0" ind1="0" tag="245">
      <subfield code="a">Arqueologia de la mort: una perspectiva de la història medieval</subfield>
   </datafield>
</record></metadata></record></GetRecord></OAI-PMH>